| 000 | 00790nam a2200229Ia 4500 | ||
|---|---|---|---|
| 003 | GCL | ||
| 008 | 140319s9999 xx 000 0 ara d | ||
| 020 | _a1035973977 | ||
| 040 |
_aGCL / _cGCL |
||
| 082 | 0 | 4 |
_a382.1 _bن ج |
| 100 | 1 | _aنبيل حشاد | |
| 245 | 1 | 0 |
_aالجات ومنظمة التجارة العالمية اهم التحديات فى مواجهة الاقتصاد العربى / _cنبيل حشاد |
| 250 | _aالثانية | ||
| 260 |
_aالقاهرة : _bدار الرشاد ، _c1999 |
||
| 300 |
_a337 ص ؛ _c24 سم |
||
| 490 | _a | ||
| 650 | 0 | 4 | _aالعلاقات الاقتصادية الدولية |
| 650 | 0 | 4 | _aالاتفاقيات التجارية |
| 650 | 0 | 4 | _aالجات |
| 650 | 0 | 4 | _aمنظمة التجارة العالمية |
| 942 |
_2ddc _cBK |
||
| 999 |
_c41399 _d41399 |
||